| 000 | 00864ntm a22002297a 4500 | ||
|---|---|---|---|
| 005 | 20170813141005.0 | ||
| 008 | 170802s2010 xx a frb 000 0 eng d | ||
| 040 |
_aEG-ScBUE _beng _cEG-ScBUE |
||
| 082 | 0 | 4 |
_222 _a624 _bTOR |
| 100 | 1 | _aTorky, Ahmed Alaaeldean Abdelhaleam. | |
| 245 | 1 | 0 |
_aFurther boundary element analysis and design of post-tensioned flat slabs / _cAhmed Alaaeldean Abdelhaleam Torky . |
| 260 | _c2010. | ||
| 300 |
_a102 p. : _bill. (col.) ; _c28 cm. |
||
| 500 | _aA dissertation submitted to Faculty of engineering, the British University in Egypt, in partial fuifillment of the requirements for the bachelor degree in civil engineering | ||
| 590 | _amanar | ||
| 650 | 7 |
_2BUEsh _vProjects _aCivil Engineering |
|
| 653 |
_bENGCIV _cAugust2017 |
||
| 655 | _vSPRO | ||
| 700 | 1 |
_eths _aRashed, Youssef. _934670 |
|
| 777 | _ASPRO | ||
| 942 | _2ddc | ||
| 999 |
_c25186 _d25158 |
||